| 000 | 00548nam a22001575i 4500 | ||
|---|---|---|---|
| 001 | 53942 | ||
| 003 | ES-MaACL | ||
| 007 | t| | ||
| 008 | 960710s1882 fr a ||||1| fre d | ||
| 040 |
_aCAM _bspa _cCAM |
||
| 100 | 1 |
_aFernet, E. _950211 |
|
| 245 | 1 | 0 |
_aCours de physique a l'usage des classes de lettres _b: classe de rhéthorique (programmes d'Aoút 1880); magnétisme, électricité / _cpar E. Fernet. |
| 260 |
_aParis : _bG. Masson, éditeur, _c1882 ( _fImp. A. Lahure) |
||
| 300 |
_a[4], 192 p. : _bil. ; _c19 cm. |
||
| 852 |
_aES-MaACL _jG-1337 |
||
| 999 |
_c53942 _d53942 |
||